000 00720nam a2200241 i 4500
001 C2-0302736
003 PPAK
005 20180728083747.0
008 100208s2008 xxca|||| ||||| | eng d
020 _a9780980999501
040 _aPPAK
_beng
_cPPAK
_erda
082 0 4 _a977.311043092
_223
090 0 0 _a977.311043092
_bKUE
_dLCK
100 1 _aKuecher, Gerald J.,
_eauthor
245 1 0 _aFruitcake Hill
_ba history and memoir of life on the hill in a family of 15
264 1 _aCanada :
_bCCB Publishing ,
_c2008
300 _a84 pages :
_billustrations ;
_c21 cm
336 _2rdacontent
_atext
337 _2rdamedia
_aunmediated
338 _2rdacarrier
_avolume
650 1 0 _aKuecher family.
942 _ddc
_cB
999 _c106279
_d106279